Normal view
MARC view
- البحرين 1500-2002- تاريخ
Entry Topical Term
001 - CONTROL NUMBER
- control field: 53124
003 - CONTROL NUMBER IDENTIFIER
- control field: JO-AjAnu
005 - DATE AND TIME OF LATEST TRANSACTION
- control field: 20230606082728.0
008 - FIXED-LENGTH DATA ELEMENTS
- fixed length control field: 230606|| aca||aabn | a|a d
040 ## - CATALOGING SOURCE
- Original cataloging agency: JO-AjAnu
- Transcribing agency: JO-AjAnu
150 ## - HEADING--TOPICAL TERM
- Topical term or geographic name entry element: البحرين 1500-2002- تاريخ
670 ## - SOURCE DATA FOUND
- Source citation: Work cat.: (JO-AjAnu)27142: عبدالله، محمد أحمد؛ م.مشارك بشير زين العابدين, author 53123, تاريخ البحرين الحديث 1500 - 2002